Score 0/75 Timer 05:00
0 Plays Today
% Correct
The Dementor's Kiss (3)
94.8%
The Dementor's Kiss
94.8%
The Dementor's Kiss
94.8%
Professor Trelawney's Prediction (3)
94.7%
Professor Trelawney's Prediction
94.7%
Professor Trelawney's Prediction
94.7%
Rita Skeeter's Scoop (4)
94.1%
Rita Skeeter's Scoop
94.1%
Rita Skeeter's Scoop
94.1%
Through The Trapdoor (1)
91.1%
Through The Trapdoor
91.1%
Through The Trapdoor
91.1%
Detention With Dolores (5)
89.1%
Detention With Dolores
89.1%
Detention With Dolores
89.1%
The Rogue Bludger (2)
88.9%
The Rogue Bludger
88.9%
The Rogue Bludger
88.9%
Beyond The Veil (5)
88.8%
Beyond The Veil
88.8%
Beyond The Veil
88.8%
Gryffindor Versus Ravenclaw (3)
86.6%
Gryffindor Versus Ravenclaw
86.6%
Gryffindor Versus Ravenclaw
86.6%
Nineteen Years Later (7)
84.3%
Nineteen Years Later
84.3%
Nineteen Years Later
84.3%
Hermione's Helping Hand (6)
83.3%
Hermione's Helping Hand
83.3%
Hermione's Helping Hand
83.3%
Bagman And Crouch (4)
82.9%
Bagman And Crouch
82.9%
Bagman And Crouch
82.9%
Mudbloods And Murmurs (2)
81.9%
Mudbloods And Murmurs
81.9%
Mudbloods And Murmurs
81.9%
The Potions Master (1)
79.7%
The Potions Master
79.7%
% Correct
The Potions Master
79.7%
Owl Post Again (3)
78%
Owl Post Again
78%
Owl Post Again
78%
Snape's Worst Memory (5)
77.4%
Snape's Worst Memory
77.4%
Snape's Worst Memory
77.4%
The Unexpected Task (4)
77.1%
The Unexpected Task
77.1%
The Unexpected Task
77.1%
The Dursleys Departing (7)
76.7%
The Dursleys Departing
76.7%
The Dursleys Departing
76.7%
Magic Is Might (7)
76.1%
Magic Is Might
76.1%
Magic Is Might
76.1%
The Phoenix Lament (6)
75.5%
The Phoenix Lament
75.5%
The Phoenix Lament
75.5%
The Unknowable Room (6)
72.9%
The Unknowable Room
72.9%
The Unknowable Room
72.9%
Silver And Opals (6)
71.8%
Silver And Opals
71.8%
Silver and Opals
71.8%
The Riddle House (4)
71.2%
The Riddle House
71.2%
The Riddle House
71.2%
A Sluggish Memory (6)
69.4%
A Sluggish Memory
69.4%
A Sluggish Memory
69.4%
Percy And Padfoot (5)
69.1%
Percy And Padfoot
69.1%
Percy and Padfoot
69.1%
The Missing Mirror (7)
68.6%
The Missing Mirror
68.6%
The Missing Mirror
68.6%

You're not logged in!

Compare scores with friends on all Sporcle quizzes.
OR
Log In

Sporcle TV

Today on Sporcle TV


Watch our educational content, quiz creation guides, and fun videos on Sporcle TV.

Show Comments

Extras

Top Quizzes Today


Score Distribution

Paid Content

Your Account Isn't Verified!

In order to create a playlist on Sporcle, you need to verify the email address you used during registration. Go to your Sporcle Settings to finish the process.

Report this User

Report this user for behavior that violates our Community Guidelines.

Details: